INVESTING IN HEDGE FUNDS STRATEGIES FOR (Record no. 2687)
[ view plain ]
| 000 -LEADER | |
|---|---|
| fixed length control field | 00333nam a2200133Ia 4500 |
| 008 - FIXED-LENGTH DATA ELEMENTS--GENERAL INFORMATION | |
| fixed length control field | 240624s9999 xx 000 0 und d |
| 041 ## - LANGUAGE CODE | |
| Language code of text/sound track or separate title | eng |
| 082 ## - DEWEY DECIMAL CLASSIFICATION NUMBER | |
| Classification number | 332.64524 NIC |
| 100 ## - MAIN ENTRY--PERSONAL NAME | |
| Personal name | NICHOLAS JOSEPH G |
| 245 ## - TITLE STATEMENT | |
| Title | INVESTING IN HEDGE FUNDS STRATEGIES FOR |
| 260 ## - PUBLICATION, DISTRIBUTION, ETC. | |
| Date of publication, distribution, etc. | 2000 |
| Place of publication, distribution, etc. | Delhi |
| Name of publisher, distributor, etc. | A.I.T.B.S. |
| 300 ## - PHYSICAL DESCRIPTION | |
| Extent | ix, : 302p. |
| 365 ## - TRADE PRICE | |
| Currency code | RS |
| Withdrawn status | Lost status | Damaged status | Not for loan | Home library | Current library | Shelving location | Date acquired | Source of acquisition | Cost, normal purchase price | Full call number | Barcode | Date last seen | Copy number | Price effective from | Koha item type |
|---|---|---|---|---|---|---|---|---|---|---|---|---|---|---|---|
| IMTN | IMTN | Rack 12-B | 10/15/2005 | AP | 525.00 | 332.64524 NIC | 2687 | 06/24/2024 | 1 | 06/24/2024 | Books |